Statistics for Countries With The Most Public Holidays

Click here to take the quiz!

General Stats

  • This quiz has been taken 92 times
  • The average score is 7 of 14

Answer Stats

No. of Public HolidaysCountry% Correct
17China
85%
15Japan
83%
21India
78%
16Pakistan
68%
16Thailand
65%
15Vietnam
65%
15Malaysia
55%
15Sweden
46%
16Turkey
45%
18Philippines
40%
15Argentina
31%
18Colombia
14%
15Lithuania
8%
17Hong Kong
5%

Score Distribution

Percentile by Number Answered

Percent of People with Each Score

Your Score History

You have not taken this quiz